000 00578nam a2200241Ia 4500
005 20260306150150.0
008 008 260114s9999 xx 000 0 eng d
020 _a9781442688070
037 _aEbook
040 _aCRL
040 _beng
040 _cCRL
041 _2eng
041 _aeng
084 _qCRL
245 4 _aThe External World and Our Knowledge of It
260 _bUniversity of Toronto Press
260 _c2008
650 _aPhilosophy
856 _uhttps://www.degruyter.com/isbn/9781442688070
942 _cEBOOK
999 _c1694359
_d1694359